000 00766nam a2200193 i 4500
001 186054
003 ES-MaACL
005 20230906222555.0
008 160906s1962 sp |||| | cat d
245 0 0 _aMoments crucials de la història de Catalunya /
_cper Ramon d'Abadal, Jordi Rubió, Ferran Soldevila, Miquel Tarradell, Jaume Vicens i Vives ; amb una introducció de Ramon d'Abadal.
260 _aBarcelona :
_bVicens-Vives,
_c1962.
300 _aXXXIX, 327 p. :
_bil. ;
_c21 cm.
490 1 _aBiografies catalanes. Sèrie Assaigs ;
_v1
651 4 _aCataluña-
_xHistoria.
_98013
700 1 _aAbadal, Ramon d',
_d1888-1970
_917945
830 0 _aBiografies catalanes. Sèrie Assaigs ;
_v1
_9192477
852 _aES-MaACL
_jE-4821
999 _c186054
_d186054